| 000 | 00629nam a22002057a 4500 | ||
|---|---|---|---|
| 003 | OSt | ||
| 005 | 20240722084235.0 | ||
| 008 | 240720b |||||||| |||| 00| 0 eng d | ||
| 020 | _a978-621-406-147-1 | ||
| 040 |
_aDWC- Main Lib _cOC |
||
| 082 | _aFil. 005.369 P788i 2018 | ||
| 100 | _aPomperada, Jake R. | ||
| 245 |
_aIntroduction to java programming/ _cJake R. Pomperada. |
||
| 250 | _aRevised Edition | ||
| 260 |
_aManila : _bMinshapers Co., Inc., _cc2018. |
||
| 300 |
_axii , 365 pages : _billustrations ; _c25cm. |
||
| 504 | _aIncludes appendices. | ||
| 650 | _a1. Java (Computer programs). | ||
| 942 |
_2ddc _cBK - FIL _n1 |
||
| 999 |
_c2469 _d2469 |
||